| 000 | 01268nam1a2200349 i 4500 | ||
|---|---|---|---|
| 001 | RU\NLR\bibl\1288685 | ||
| 005 | 20241104071201.0 | ||
| 035 | _a(NLR Aleph) 001274385 | ||
| 090 |
_a459263 _c459263 |
||
| 100 | _a20081027d2008 c y0rusy50 ca | ||
| 101 | 1 |
_arus _cger |
|
| 102 | _aRU | ||
| 105 | _a||||f ||||| | ||
| 200 | 1 |
_aМир вокруг нас _e[первая школьная энциклопедия _eдля младшего школьного возраста _eв 3 т. _fпер. с нем. М. С. Охмакевич] |
|
| 210 |
_aМосква _cРосмэн _cРосмэн-пресс _d2008 |
||
| 215 | _d22 | ||
| 225 | 1 | _aПервая школьная энциклопедия | |
| 300 | _aPubl. original edition "Das Columbus Kinderlexikon" | ||
| 454 | 0 |
_12001#$aDas Columbus Kinderlexikon _tDas Columbus Kinderlexikon |
|
| 463 | 0 | _10011252061 | |
| 463 | 0 | _10011252287 | |
| 463 | 0 | _10011247794 | |
| 608 |
_aЭнциклопедии для детей _92363029 _3RU\NLR\auth\661410942 |
||
| 686 |
_aШ9 _bЯ20 |
||
| 702 | 1 |
_aОхмакевич _bМ. С. _4730 |
|
| 801 | 0 |
_aRU _bNLR _c20081027 _gRCR |
|
| 801 | 1 |
_aRU _bNLR _c20081027 |
|
| 852 |
_aNLR _jС 2008-2/330 |
||
| 942 | _cBOOK | ||